[Event "WCO 2016"]
[Site "?"]
[Date "2016.09.11"]
[Round "9"]
[Board "26"]
[WhiteID "3101576"]
[White "Comas Colon Rinelly M."]
[BlackID "13800752"]
[Black "Omurbekova Diana"]
[Result "0-1"]
[BlackElo "1868"]
[WhiteElo "1773"]
[LiveChessVersion "1.4.8"]

1. c4 {[%clk 1:30:55]} e5 {[%clk 1:29:52]} 2. g3 {[%clk 1:31:19]} g6
{[%clk 1:30:06]} 3. Bg2 {[%clk 1:31:33]} Bg7 {[%clk 1:30:26]} 4. Nc3
{[%clk 1:31:41]} d6 {[%clk 1:30:06]} 5. d3 {[%clk 1:31:32]} f5 {[%clk 1:29:20]}
6. e4 {[%clk 1:31:03]} Nf6 {[%clk 1:29:08]} 7. Nge2 {[%clk 1:31:06]} c6
{[%clk 1:26:55]} 8. O-O {[%clk 1:29:21]} O-O {[%clk 1:26:43]} 9. h3
{[%clk 1:25:55]} Be6 {[%clk 1:26:29]} 10. exf5 {[%clk 1:26:03]} Bxf5
{[%clk 1:25:54]} 11. g4 {[%clk 1:16:40]} Be6 {[%clk 1:23:11]} 12. Ng3
{[%clk 1:16:07]} d5 {[%clk 1:20:59]} 13. g5 {[%clk 1:11:16]} Ne8 {[%clk 1:16:31]}
14. cxd5 {[%clk 1:07:38]} cxd5 {[%clk 1:16:02]} 15. Qb3 {[%clk 1:05:51]} Nc7
{[%clk 1:13:06]} 16. Qxb7 {[%clk 0:35:26]} Nba6 {[%clk 1:09:21]} 17. Na4
{[%clk 0:35:34]} Qd7 {[%clk 1:03:14]} 18. Qb3 {[%clk 0:32:11]} Rab8
{[%clk 1:01:17]} 19. Qd1 {[%clk 0:31:28]} Bxh3 {[%clk 1:01:12]} 20. Be3
{[%clk 0:23:40]} d4 {[%clk 0:57:43]} 21. Bd2 {[%clk 0:23:06]} Nd5
{[%clk 0:57:00]} 22. Rc1 {[%clk 0:20:09]} Bxg2 {[%clk 0:55:45]} 23. Kxg2
{[%clk 0:20:35]} Nf4+ {[%clk 0:56:02]} 24. Kg1 {[%clk 0:11:06]} Nxd3
{[%clk 0:53:28]} 25. Rb1 {[%clk 0:09:28]} Qh3 {[%clk 0:53:35]} 26. Be1
{[%clk 0:07:21]} e4 {[%clk 0:52:26]} 27. Nxe4 {[%clk 0:04:24]} Nf4
{[%clk 0:52:31]} 0-1

[Event "WCO 2016"]
[Site "?"]
[Date "2016.09.11"]
[Round "9"]
[Board "27"]
[WhiteID "13800043"]
[White "Alymbay Kyzy Aizhan"]
[BlackID "3101851"]
[Black "Vega Jimenez Keyshla M."]
[Result "1-0"]
[BlackElo "1641"]
[WhiteElo "1913"]
[LiveChessVersion "1.4.8"]

1. e4 {[%clk 1:30:58]} c5 {[%clk 1:30:53]} 2. c3 {[%clk 1:31:02]} Nf6
{[%clk 1:31:12]} 3. e5 {[%clk 1:31:26]} Nd5 {[%clk 1:31:38]} 4. Nf3
{[%clk 1:31:51]} e6 {[%clk 1:32:02]} 5. Bc4 {[%clk 1:32:11]} Nb6 {[%clk 1:31:35]}
6. Bb3 {[%clk 1:32:31]} d6 {[%clk 1:31:31]} 7. exd6 {[%clk 1:32:39]} Bxd6
{[%clk 1:31:30]} 8. O-O {[%clk 1:32:42]} Nc6 {[%clk 1:30:43]} 9. d4
{[%clk 1:31:56]} cxd4 {[%clk 1:28:59]} 10. Nxd4 {[%clk 1:32:09]} Qc7
{[%clk 1:23:51]} 11. h3 {[%clk 1:29:58]} Nxd4 {[%clk 1:22:24]} 12. Qxd4
{[%clk 1:26:59]} O-O {[%clk 1:21:10]} 13. Nd2 {[%clk 1:26:46]} Rd8
{[%clk 1:19:11]} 14. Qg4 {[%clk 1:26:03]} Bd7 {[%clk 1:12:24]} 15. Ne4
{[%clk 1:24:51]} Bf8 {[%clk 0:50:04]} 16. Bg5 {[%clk 1:16:16]} Rdc8
{[%clk 0:46:09]} 17. Nf6+ {[%clk 1:06:48]} Kh8 {[%clk 0:44:42]} 18. Bc2
{[%clk 1:05:14]} g6 {[%clk 0:21:56]} 19. Qh4 {[%clk 1:04:34]} h5 {[%clk 0:18:20]}
20. Nxh5 {[%clk 1:04:48]} Qc4 {[%clk 0:18:20]} 21. g4 {[%clk 1:03:04]} 1-0

[Event "WCO 2016"]
[Site "?"]
[Date "2016.09.11"]
[Round "9"]
[Board "28"]
[WhiteID "3105369"]
[White "Hernandez Resto Aracelys"]
[BlackID "13801643"]
[Black "Musaeva Shakhnazi"]
[Result "0-1"]
[BlackElo "1611"]
[WhiteElo "1314"]
[LiveChessVersion "1.4.8"]

1. d4 {[%clk 1:30:58]} Nf6 {[%clk 1:30:51]} 2. c4 {[%clk 1:31:18]} e6
{[%clk 1:31:13]} 3. Nc3 {[%clk 1:31:40]} Bb4 {[%clk 1:31:32]} 4. Bd2
{[%clk 1:31:57]} O-O {[%clk 1:30:04]} 5. Nf3 {[%clk 1:32:23]} b6 {[%clk 1:29:16]}
6. a3 {[%clk 1:32:11]} Bxc3 {[%clk 1:29:30]} 7. Bxc3 {[%clk 1:32:36]} d5
{[%clk 1:28:12]} 8. e3 {[%clk 1:32:39]} Ba6 {[%clk 1:17:33]} 9. Nd2
{[%clk 1:32:07]} Nbd7 {[%clk 1:16:57]} 10. Be2 {[%clk 1:32:13]} c5
{[%clk 1:16:11]} 11. O-O {[%clk 1:30:12]} Rc8 {[%clk 1:15:34]} 12. b3
{[%clk 1:30:13]} Ne4 {[%clk 1:08:48]} 13. Nxe4 {[%clk 1:30:03]} dxe4
{[%clk 1:09:11]} 14. f3 {[%clk 1:28:24]} exf3 {[%clk 0:50:52]} 15. Bxf3
{[%clk 1:28:15]} cxd4 {[%clk 0:50:37]} 16. Qxd4 {[%clk 1:27:31]} e5
{[%clk 0:48:42]} 17. Qg4 {[%clk 1:24:08]} Qc7 {[%clk 0:47:22]} 18. Rac1
{[%clk 1:23:23]} Nc5 {[%clk 0:43:08]} 19. Rb1 {[%clk 1:20:33]} Kh8
{[%clk 0:40:12]} 20. Bd5 {[%clk 1:19:36]} Bb7 {[%clk 0:38:22]} 21. Bxb7
{[%clk 1:19:34]} Nxb7 {[%clk 0:38:44]} 22. Qf3 {[%clk 1:18:53]} Nc5
{[%clk 0:36:58]} 23. Qd5 {[%clk 1:15:39]} f6 {[%clk 0:36:02]} 24. Bb4
{[%clk 1:15:12]} Rfd8 {[%clk 0:35:21]} 25. Qf3 {[%clk 1:14:57]} Nd3
{[%clk 0:34:16]} 26. Bc3 {[%clk 1:14:02]} Qc5 {[%clk 0:33:02]} 27. a4
{[%clk 1:09:18]} a6 {[%clk 0:32:38]} 28. Ra1 {[%clk 1:01:09]} Rd7
{[%clk 0:24:47]} 29. Kh1 {[%clk 0:59:51]} Rcd8 {[%clk 0:20:29]} 30. Be1
{[%clk 0:52:14]} Nb2 {[%clk 0:14:18]} 31. Bf2 {[%clk 0:49:30]} Rd3
{[%clk 0:12:18]} 32. Rab1 {[%clk 0:48:32]} Rxb3 {[%clk 0:11:50]} 33. Rfd1
{[%clk 0:44:20]} Nxd1 {[%clk 0:10:32]} 34. Rxb3 {[%clk 0:44:42]} Nxf2+
{[%clk 0:10:55]} 35. Qxf2 {[%clk 0:45:05]} Rd1+ {[%clk 0:11:20]} 36. Qg1
{[%clk 0:45:25]} Rxg1+ {[%clk 0:11:40]} 37. Kxg1 {[%clk 0:44:19]} Qxc4
{[%clk 0:11:55]} 38. Rxb6 {[%clk 0:44:39]} h6 {[%clk 0:12:15]} 39. a5
{[%clk 0:44:52]} Qc1+ {[%clk 0:12:32]} 40. Kf2 {[%clk 1:15:17]} Qd2+
{[%clk 0:42:56]} 41. Kf1 {[%clk 1:14:17]} Qxa5 {[%clk 0:43:10]} 42. Rb8+
{[%clk 1:13:59]} Kh7 {[%clk 0:43:37]} 43. Kf2 {[%clk 1:14:12]} e4
{[%clk 0:43:44]} 44. Re8 {[%clk 1:14:27]} Qd2+ {[%clk 0:43:57]} 45. Kg3
{[%clk 1:14:53]} Qxe3+ {[%clk 0:44:17]} 46. Kg4 {[%clk 1:14:42]} h5+
{[%clk 0:44:34]} 47. Kf5 {[%clk 1:15:02]} Qd3 {[%clk 0:41:07]} 48. Ke6
{[%clk 1:15:15]} e3 {[%clk 0:41:12]} 49. Kf7 {[%clk 1:15:42]} Qd5+
{[%clk 0:41:07]} 50. Kf8 {[%clk 1:16:02]} Qg8+ {[%clk 0:41:21]} 51. Ke7
{[%clk 1:16:28]} Qxe8+ {[%clk 0:41:43]} 52. Kxe8 {[%clk 1:15:44]} e2
{[%clk 0:42:08]} 53. Kd7 {[%clk 1:16:07]} e1=Q {[%clk 0:42:30]} 54. g4
{[%clk 1:16:27]} Qa5 {[%clk 0:42:28]} 55. gxh5 {[%clk 1:15:10]} Qb6
{[%clk 0:42:25]} 56. h4 {[%clk 1:15:20]} Kg8 {[%clk 0:41:28]} 57. h6
{[%clk 1:15:40]} gxh6 {[%clk 0:41:54]} 58. h5 {[%clk 1:15:43]} Kf7
{[%clk 0:41:59]} 59. Kc8 {[%clk 1:16:04]} Qa7 {[%clk 0:42:20]} 60. Kd8
{[%clk 1:16:18]} Ke6 {[%clk 0:42:44]} 61. Kc8 {[%clk 1:16:42]} Kd6
{[%clk 0:43:08]} 62. Kd8 {[%clk 1:16:37]} Qd7# {[%clk 0:43:35]} 0-1

[Event "WCO 2016"]
[Site "?"]
[Date "2016.09.11"]
[Round "9"]
[Board "25"]
[WhiteID "408697"]
[White "Richards Heather S"]
[BlackID "14700182"]
[Black "Antonova Nadezhda"]
[Result "1-0"]
[BlackElo "2015"]
[WhiteElo "2199"]
[LiveChessVersion "1.4.8"]

1. e4 {[%clk 1:30:58]} d6 {[%clk 1:30:39]} 2. d4 {[%clk 1:31:23]} Nf6
{[%clk 1:30:54]} 3. Nc3 {[%clk 1:31:49]} e5 {[%clk 1:31:06]} 4. Nf3
{[%clk 1:32:14]} Nbd7 {[%clk 1:31:07]} 5. Bc4 {[%clk 1:28:47]} Be7
{[%clk 1:31:17]} 6. dxe5 {[%clk 1:29:08]} dxe5 {[%clk 1:28:39]} 7. Bxf7+
{[%clk 1:29:30]} Kxf7 {[%clk 1:27:55]} 8. Ng5+ {[%clk 1:29:55]} Kg8
{[%clk 1:28:13]} 9. Ne6 {[%clk 1:30:19]} Qe8 {[%clk 1:28:10]} 10. Nxc7
{[%clk 1:30:44]} Qg6 {[%clk 1:27:46]} 11. Nxa8 {[%clk 1:31:05]} Qxg2
{[%clk 1:27:39]} 12. Rf1 {[%clk 1:31:31]} Nc5 {[%clk 1:23:51]} 13. Qe2
{[%clk 1:31:41]} Bh3 {[%clk 1:23:14]} 14. Nc7 {[%clk 1:31:19]} Qxf1+
{[%clk 1:19:36]} 15. Qxf1 {[%clk 1:31:44]} Bxf1 {[%clk 1:20:03]} 16. Kxf1
{[%clk 1:32:08]} Ncxe4 {[%clk 1:19:56]} 17. Nxe4 {[%clk 1:30:47]} Nxe4
{[%clk 1:20:23]} 18. Nd5 {[%clk 1:12:45]} Bc5 {[%clk 1:16:13]} 19. Be3
{[%clk 1:10:58]} Bxe3 {[%clk 1:13:17]} 20. Nxe3 {[%clk 1:11:16]} Kf7
{[%clk 1:13:23]} 21. Nc4 {[%clk 1:09:42]} Rc8 {[%clk 1:06:49]} 22. Nxe5+
{[%clk 1:09:44]} Ke6 {[%clk 1:06:52]} 23. Nf3 {[%clk 1:09:42]} Kf5
{[%clk 1:00:59]} 24. Re1 {[%clk 1:04:22]} Rd8 {[%clk 0:50:56]} 25. c3
{[%clk 0:54:55]} Nd2+ {[%clk 0:47:26]} 26. Nxd2 {[%clk 0:54:22]} Rxd2
{[%clk 0:47:54]} 27. Re2 {[%clk 0:47:32]} Rd1+ {[%clk 0:47:51]} 28. Kg2
{[%clk 0:47:50]} Rd7 {[%clk 0:47:43]} 29. c4 {[%clk 0:46:43]} Rc7
{[%clk 0:44:11]} 30. b3 {[%clk 0:46:53]} Rd7 {[%clk 0:42:57]} 31. Kg3
{[%clk 0:33:51]} g5 {[%clk 0:30:11]} 32. Re8 {[%clk 0:23:55]} h5 {[%clk 0:28:11]}
33. Rf8+ {[%clk 0:22:56]} Kg6 {[%clk 0:23:00]} 34. Rf3 {[%clk 0:14:29]} Rd2
{[%clk 0:11:50]} 35. a3 {[%clk 0:14:39]} Rd7 {[%clk 0:11:47]} 36. c5
{[%clk 0:14:00]} a5 {[%clk 0:10:12]} 37. h4 {[%clk 0:12:47]} Rd4 {[%clk 0:07:52]}
38. hxg5 {[%clk 0:12:35]} Kxg5 {[%clk 0:07:38]} 39. Kg2 {[%clk 0:41:09]} h4
{[%clk 0:37:03]} 40. Rf7 {[%clk 0:40:02]} Rd5 {[%clk 0:33:38]} 41. b4
{[%clk 0:39:58]} Rd3 {[%clk 0:33:12]} 42. Rxb7 {[%clk 0:39:20]} Rxa3
{[%clk 0:33:35]} 43. b5 {[%clk 0:39:17]} Kf6 {[%clk 0:17:28]} 44. c6
{[%clk 0:39:03]} Ke6 {[%clk 0:16:32]} 45. c7 {[%clk 0:38:15]} Kd7
{[%clk 0:13:46]} 46. b6 {[%clk 0:38:38]} Rc3 {[%clk 0:13:13]} 47. Rb8
{[%clk 0:38:54]} a4 {[%clk 0:09:46]} 48. Rd8+ {[%clk 0:39:19]} 1-0

[Event "WCO 2016"]
[Site "?"]
[Date "2016.09.11"]
[Round "9"]
[Board "26"]
[WhiteID "14700395"]
[White "Nasriddinzoda Marvorii"]
[BlackID "12400980"]
[Black "Nguyen Thu Giang"]
[Result "1/2-1/2"]
[BlackElo "2119"]
[WhiteElo "2073"]
[LiveChessVersion "1.4.8"]

1. Nf3 {[%clk 1:30:55]} Nf6 {[%clk 1:30:47]} 2. g3 {[%clk 1:31:12]} b6
{[%clk 1:30:45]} 3. Bg2 {[%clk 1:31:27]} Bb7 {[%clk 1:31:03]} 4. O-O
{[%clk 1:30:48]} e6 {[%clk 1:30:49]} 5. d3 {[%clk 1:30:27]} Be7 {[%clk 1:28:19]}
6. e4 {[%clk 1:30:02]} O-O {[%clk 1:27:29]} 7. Nbd2 {[%clk 1:27:27]} c5
{[%clk 1:23:07]} 8. Re1 {[%clk 1:26:08]} d6 {[%clk 1:22:49]} 9. c3
{[%clk 1:13:50]} Nbd7 {[%clk 1:22:00]} 10. d4 {[%clk 1:10:43]} Qc7
{[%clk 1:15:43]} 11. Qe2 {[%clk 1:01:53]} a5 {[%clk 1:05:52]} 12. h3
{[%clk 0:52:11]} a4 {[%clk 1:00:22]} 13. a3 {[%clk 0:49:36]} Ba6 {[%clk 0:53:26]}
14. Qd1 {[%clk 0:48:24]} b5 {[%clk 0:50:24]} 15. e5 {[%clk 0:43:26]} dxe5
{[%clk 0:48:35]} 16. dxe5 {[%clk 0:43:41]} Nd5 {[%clk 0:47:51]} 17. Qc2
{[%clk 0:39:05]} N7b6 {[%clk 0:39:59]} 18. Ne4 {[%clk 0:37:08]} Nc4
{[%clk 0:31:41]} 19. Nfg5 {[%clk 0:26:05]} g6 {[%clk 0:26:23]} 20. f4
{[%clk 0:20:12]} Rad8 {[%clk 0:24:53]} 21. Nf3 {[%clk 0:19:48]} Bc8
{[%clk 0:21:20]} 22. Nh2 {[%clk 0:15:45]} Kg7 {[%clk 0:14:11]} 23. Qe2
{[%clk 0:13:23]} h6 {[%clk 0:09:08]} 24. Ng4 {[%clk 0:11:58]} h5 {[%clk 0:07:42]}
25. Nh2 {[%clk 0:12:19]} Rh8 {[%clk 0:06:55]} 26. Nf3 {[%clk 0:12:27]} Qb6
{[%clk 0:04:29]} 27. Kh1 {[%clk 0:11:34]} Na5 {[%clk 0:04:21]} 28. Be3
{[%clk 0:10:44]} Nc4 {[%clk 0:04:23]} 29. Bc1 {[%clk 0:10:21]} Na5
{[%clk 0:04:41]} 30. Be3 {[%clk 0:09:46]} Nc4 {[%clk 0:04:58]} 31. Bc1
{[%clk 0:08:00]} Na5 {[%clk 0:05:15]} 32. Be3 {[%clk 0:03:48]} 1/2-1/2

[Event "WCO 2016"]
[Site "?"]
[Date "2016.09.11"]
[Round "9"]
[Board "27"]
[WhiteID "3200795"]
[White "Guo Emma"]
[BlackID "14700204"]
[Black "Hotami Mutriba"]
[Result "1/2-1/2"]
[BlackElo "1735"]
[WhiteElo "2035"]
[LiveChessVersion "1.4.8"]

1. e4 {[%clk 1:30:57]} e6 {[%clk 1:30:32]} 2. d3 {[%clk 1:30:51]} d5
{[%clk 1:30:44]} 3. Nd2 {[%clk 1:26:32]} Nd7 {[%clk 1:25:55]} 4. Ngf3
{[%clk 1:25:42]} dxe4 {[%clk 1:25:53]} 5. dxe4 {[%clk 1:25:29]} Ngf6
{[%clk 1:26:13]} 6. g3 {[%clk 1:20:20]} b6 {[%clk 1:21:39]} 7. Bg2
{[%clk 1:14:44]} Bb7 {[%clk 1:21:36]} 8. Qe2 {[%clk 1:10:26]} Nc5
{[%clk 1:17:38]} 9. O-O {[%clk 1:02:02]} Ba6 {[%clk 1:15:25]} 10. c4
{[%clk 1:01:07]} Qd3 {[%clk 1:05:54]} 11. Qxd3 {[%clk 0:56:00]} Nxd3
{[%clk 1:06:17]} 12. e5 {[%clk 0:52:11]} Ng4 {[%clk 1:03:02]} 13. h3
{[%clk 0:42:40]} Nh6 {[%clk 1:02:35]} 14. Ne1 {[%clk 0:35:35]} O-O-O
{[%clk 1:02:44]} 15. Nxd3 {[%clk 0:29:18]} Rxd3 {[%clk 1:03:06]} 16. b3
{[%clk 0:28:23]} Bb4 {[%clk 1:01:44]} 17. Ne4 {[%clk 0:25:07]} Nf5
{[%clk 1:00:52]} 18. Ng5 {[%clk 0:22:39]} h6 {[%clk 0:51:52]} 19. Be4
{[%clk 0:18:42]} Rd4 {[%clk 0:45:49]} 20. Nxf7 {[%clk 0:09:48]} Rf8
{[%clk 0:45:35]} 21. Bxf5 {[%clk 0:10:14]} exf5 {[%clk 0:45:51]} 22. e6
{[%clk 0:07:35]} Re4 {[%clk 0:45:00]} 23. Bb2 {[%clk 0:07:44]} Rxe6
{[%clk 0:44:47]} 24. Ne5 {[%clk 0:08:09]} Bd6 {[%clk 0:42:46]} 25. Nc6
{[%clk 0:06:42]} Kd7 {[%clk 0:39:40]} 26. Nd4 {[%clk 0:06:32]} Rg6
{[%clk 0:38:58]} 27. Nf3 {[%clk 0:05:06]} Re6 {[%clk 0:34:11]} 28. Rfe1
{[%clk 0:05:02]} Rf7 {[%clk 0:24:20]} 29. Rxe6 {[%clk 0:04:02]} Kxe6
{[%clk 0:24:45]} 30. Re1+ {[%clk 0:04:29]} Kd7 {[%clk 0:25:08]} 31. Ne5+
{[%clk 0:03:11]} Bxe5 {[%clk 0:25:20]} 32. Rxe5 {[%clk 0:03:38]} Bb7
{[%clk 0:25:18]} 33. Kf1 {[%clk 0:02:50]} g6 {[%clk 0:25:08]} 34. Ke2
{[%clk 0:03:01]} Be4 {[%clk 0:24:29]} 35. a3 {[%clk 0:02:48]} Bg2
{[%clk 0:23:21]} 36. h4 {[%clk 0:02:45]} Be4 {[%clk 0:19:41]} 37. Ke3
{[%clk 0:01:51]} Bc2 {[%clk 0:16:35]} 38. b4 {[%clk 0:02:09]} Be4
{[%clk 0:16:09]} 39. Bd4 {[%clk 0:01:08]} g5 {[%clk 0:15:09]} 40. hxg5
{[%clk 0:30:53]} hxg5 {[%clk 0:45:32]} 41. c5 {[%clk 0:25:33]} Re7
{[%clk 0:44:00]} 42. g4 {[%clk 0:23:49]} Rxe5 {[%clk 0:41:38]} 43. Bxe5
{[%clk 0:24:11]} bxc5 {[%clk 0:41:57]} 44. bxc5 {[%clk 0:24:18]} Bc2
{[%clk 0:41:52]} 45. Kd2 {[%clk 0:23:33]} Be4 {[%clk 0:42:00]} 46. f3
{[%clk 0:23:33]} Bxf3 {[%clk 0:41:58]} 47. gxf5 {[%clk 0:23:57]} Be4
{[%clk 0:41:23]} 48. f6 {[%clk 0:23:46]} c6 {[%clk 0:41:21]} 49. f7
{[%clk 0:20:08]} Ke7 {[%clk 0:41:31]} 50. Bf6+ {[%clk 0:20:24]} Kxf7
{[%clk 0:41:51]} 51. Bxg5 1/2-1/2

[Event "WCO 2016"]
[Site "?"]
[Date "2016.09.11"]
[Round "9"]
[Board "28"]
[WhiteID "14700255"]
[White "Odinaeva Saodat"]
[BlackID "3200493"]
[Black "Dekic Biljana N"]
[Result "1-0"]
[BlackElo "2064"]
[WhiteElo "1881"]
[LiveChessVersion "1.4.8"]

1. Nf3 {[%clk 1:30:56]} c5 {[%clk 1:29:36]} 2. c4 {[%clk 1:30:57]} b6
{[%clk 1:29:42]} 3. g3 {[%clk 1:31:15]} Bb7 {[%clk 1:30:07]} 4. Bg2
{[%clk 1:31:43]} Nf6 {[%clk 1:30:11]} 5. O-O {[%clk 1:30:46]} g6 {[%clk 1:29:23]}
6. b3 {[%clk 1:31:14]} Bg7 {[%clk 1:29:48]} 7. Bb2 {[%clk 1:31:29]} O-O
{[%clk 1:30:13]} 8. Nc3 {[%clk 1:31:40]} d6 {[%clk 1:30:21]} 9. e3
{[%clk 1:26:55]} Nbd7 {[%clk 1:29:26]} 10. d4 {[%clk 1:25:56]} cxd4
{[%clk 1:28:17]} 11. exd4 {[%clk 1:25:54]} Rc8 {[%clk 1:22:57]} 12. Rc1
{[%clk 1:19:16]} Qc7 {[%clk 1:21:09]} 13. Re1 {[%clk 1:18:00]} Rfe8
{[%clk 1:21:13]} 14. Nb5 {[%clk 1:11:36]} Qb8 {[%clk 1:21:23]} 15. d5
{[%clk 1:10:28]} a6 {[%clk 1:20:17]} 16. Nc3 {[%clk 1:10:24]} Ba8
{[%clk 1:20:27]} 17. Nd4 {[%clk 1:07:36]} h5 {[%clk 1:14:52]} 18. Ne4
{[%clk 1:04:23]} Nxe4 {[%clk 1:10:14]} 19. Bxe4 {[%clk 1:03:45]} Nf6
{[%clk 1:08:32]} 20. Ne6 {[%clk 0:55:48]} Bh6 {[%clk 1:06:42]} 21. Rb1
{[%clk 0:46:53]} b5 {[%clk 0:51:09]} 22. Qd3 {[%clk 0:46:07]} Kh7
{[%clk 0:48:10]} 23. Nf4 {[%clk 0:33:56]} Bxf4 {[%clk 0:39:57]} 24. gxf4
{[%clk 0:34:23]} bxc4 {[%clk 0:40:12]} 25. bxc4 {[%clk 0:34:40]} Qc7
{[%clk 0:40:36]} 26. Rbc1 {[%clk 0:32:47]} Qa5 {[%clk 0:39:43]} 27. a3
{[%clk 0:31:15]} Rb8 {[%clk 0:39:38]} 28. Ba1 {[%clk 0:30:28]} Qa4
{[%clk 0:38:31]} 29. Re3 {[%clk 0:27:18]} Qd7 {[%clk 0:35:38]} 30. Rg3
{[%clk 0:25:00]} Rg8 {[%clk 0:34:31]} 31. Bf3 {[%clk 0:22:03]} h4
{[%clk 0:28:42]} 32. Rg5 {[%clk 0:20:06]} Kh6 {[%clk 0:28:49]} 33. Kh1
{[%clk 0:17:34]} Qh3 {[%clk 0:16:44]} 34. Qe3 {[%clk 0:15:24]} Rbe8
{[%clk 0:12:52]} 35. Rcg1 {[%clk 0:14:45]} Kh7 {[%clk 0:09:05]} 36. f5
{[%clk 0:08:24]} e5 {[%clk 0:00:42]} 37. fxe6 {[%clk 0:06:08]} 1-0

[Event "WCO 2016"]
[Site "?"]
[Date "2016.09.11"]
[Round "9"]
[Board "29"]
[WhiteID "4700562"]
[White "Shabanaj Eglantina"]
[BlackID "2401312"]
[Black "Milligan Helen"]
[Result "1/2-1/2"]
[BlackElo "2040"]
[WhiteElo "1932"]
[LiveChessVersion "1.4.8"]

1. e4 {[%clk 1:30:58]} e5 {[%clk 1:30:51]} 2. Nf3 {[%clk 1:31:22]} Nc6
{[%clk 1:31:16]} 3. Nc3 {[%clk 1:31:45]} Nf6 {[%clk 1:29:55]} 4. Bb5
{[%clk 1:31:59]} d6 {[%clk 1:28:20]} 5. d4 {[%clk 1:29:00]} exd4 {[%clk 1:26:32]}
6. Qxd4 {[%clk 1:28:52]} Bd7 {[%clk 1:23:42]} 7. Bxc6 {[%clk 1:28:49]} bxc6
{[%clk 1:20:36]} 8. Bg5 {[%clk 1:27:52]} Be7 {[%clk 1:17:32]} 9. O-O-O
{[%clk 1:23:08]} O-O {[%clk 1:16:13]} 10. Rhe1 {[%clk 1:21:33]} c5
{[%clk 1:12:04]} 11. Qd2 {[%clk 1:18:37]} Be6 {[%clk 1:06:31]} 12. Nd5
{[%clk 1:11:02]} Nxd5 {[%clk 0:54:22]} 13. exd5 {[%clk 1:11:04]} Bxg5
{[%clk 0:54:22]} 14. Qxg5 {[%clk 1:05:18]} f6 {[%clk 0:52:51]} 15. Qg3
{[%clk 1:03:25]} Bd7 {[%clk 0:51:07]} 16. h4 {[%clk 1:01:21]} Re8
{[%clk 0:50:15]} 17. h5 {[%clk 0:59:35]} Rxe1 {[%clk 0:49:32]} 18. Rxe1
{[%clk 0:59:51]} Qf8 {[%clk 0:49:00]} 19. Nd2 {[%clk 0:48:47]} Re8
{[%clk 0:47:04]} 20. Re3 {[%clk 0:45:47]} Qf7 {[%clk 0:39:17]} 21. Qf3
{[%clk 0:41:29]} Re5 {[%clk 0:36:05]} 22. Rxe5 {[%clk 0:38:27]} fxe5
{[%clk 0:36:24]} 23. Qxf7+ {[%clk 0:30:57]} Kxf7 {[%clk 0:36:48]} 24. f3
{[%clk 0:30:46]} h6 {[%clk 0:32:34]} 25. g4 {[%clk 0:26:39]} c6 {[%clk 0:31:24]}
26. c4 {[%clk 0:25:45]} cxd5 {[%clk 0:31:29]} 27. cxd5 {[%clk 0:26:06]} Bb5
{[%clk 0:29:30]} 28. Kd1 {[%clk 0:22:41]} Bd3 {[%clk 0:26:42]} 29. Ke1
{[%clk 0:22:25]} Kf6 {[%clk 0:24:47]} 30. Kf2 {[%clk 0:22:37]} Ke7
{[%clk 0:17:42]} 31. Ke3 {[%clk 0:21:33]} Bh7 {[%clk 0:17:26]} 32. a3
{[%clk 0:18:21]} Bg8 {[%clk 0:14:22]} 33. Ke4 {[%clk 0:18:19]} Bh7+
{[%clk 0:14:44]} 34. Ke3 {[%clk 0:18:44]} Bg8 {[%clk 0:13:35]} 35. Ke4
{[%clk 0:19:05]} Bh7+ {[%clk 0:14:00]} 1/2-1/2

[Event "WCO 2016"]
[Site "?"]
[Date "2016.09.11"]
[Round "9"]
[Board "30"]
[WhiteID "4304632"]
[White "Zhang Jasmine Haomo"]
[BlackID "4700147"]
[Black "Gjergji Rozana"]
[Result "0-1"]
[BlackElo "1947"]
[WhiteElo "1721"]
[LiveChessVersion "1.4.8"]

1. d4 {[%clk 1:30:56]} f5 {[%clk 1:30:18]} 2. Nf3 {[%clk 1:31:16]} Nf6
{[%clk 1:30:35]} 3. Bf4 {[%clk 1:31:39]} d6 {[%clk 1:30:24]} 4. e3
{[%clk 1:31:37]} e6 {[%clk 1:30:29]} 5. h3 {[%clk 1:31:40]} Be7 {[%clk 1:30:08]}
6. c3 {[%clk 1:29:25]} Nbd7 {[%clk 1:27:30]} 7. Nbd2 {[%clk 1:29:36]} Nf8
{[%clk 1:26:58]} 8. Bd3 {[%clk 1:27:04]} Ng6 {[%clk 1:19:51]} 9. Bh2
{[%clk 1:26:30]} O-O {[%clk 1:18:07]} 10. Qc2 {[%clk 1:25:46]} d5
{[%clk 1:13:06]} 11. Ne5 {[%clk 1:24:55]} Nxe5 {[%clk 1:06:39]} 12. Bxe5
{[%clk 1:22:07]} Ne4 {[%clk 1:03:00]} 13. g3 {[%clk 1:16:47]} Bd6
{[%clk 0:56:45]} 14. Nf3 {[%clk 1:08:43]} Ng5 {[%clk 0:48:18]} 15. Nxg5
{[%clk 1:07:30]} Qxg5 {[%clk 0:47:44]} 16. O-O-O {[%clk 1:04:26]} Bxe5
{[%clk 0:45:27]} 17. dxe5 {[%clk 1:04:47]} c5 {[%clk 0:45:49]} 18. Rdg1
{[%clk 1:03:45]} b5 {[%clk 0:42:01]} 19. f4 {[%clk 1:01:21]} Qe7 {[%clk 0:41:14]}
20. Bxb5 {[%clk 0:59:25]} Bb7 {[%clk 0:34:59]} 21. Rh2 {[%clk 0:58:56]} d4
{[%clk 0:34:46]} 22. exd4 {[%clk 0:56:27]} cxd4 23. Rd1 {[%clk 0:44:07]} Be4
{[%clk 0:28:19]} 24. Bd3 {[%clk 0:43:54]} dxc3 {[%clk 0:28:27]} 25. bxc3
{[%clk 0:43:52]} Rab8 {[%clk 0:25:26]} 26. Qa4 {[%clk 0:41:07]} Qc5
{[%clk 0:21:18]} 27. Bxe4 {[%clk 0:34:47]} fxe4 {[%clk 0:20:28]} 28. Kc2
{[%clk 0:29:41]} Rfc8 {[%clk 0:19:55]} 29. Qd4 {[%clk 0:30:03]} Qa3
{[%clk 0:20:01]} 30. Rdd2 {[%clk 0:29:53]} Qxa2+ {[%clk 0:11:06]} 31. Kd1
{[%clk 0:30:14]} Rb1+ {[%clk 0:08:50]} 32. Ke2 {[%clk 0:30:19]} Qa6+
{[%clk 0:09:18]} 33. Ke3 {[%clk 0:29:18]} Qf1 {[%clk 0:08:31]} 34. Rhf2
{[%clk 0:26:03]} Qxh3 {[%clk 0:08:20]} 35. Kxe4 {[%clk 0:23:38]} Qxg3
{[%clk 0:08:00]} 36. Rg2 {[%clk 0:19:29]} Re1+ {[%clk 0:08:23]} 37. Rge2
{[%clk 0:19:19]} Rf8 {[%clk 0:07:55]} 38. Qe3 {[%clk 0:18:24]} Qg6+
{[%clk 0:07:08]} 39. Kf3 {[%clk 0:14:59]} Qh5+ {[%clk 0:04:13]} 40. Kf2
{[%clk 0:43:52]} Rh1 {[%clk 0:34:18]} 41. Qd4 {[%clk 0:42:19]} Qh4+
{[%clk 0:33:09]} 42. Kg2 {[%clk 0:41:14]} Qh3+ {[%clk 0:33:04]} 43. Kf2
{[%clk 0:41:36]} Rf1# {[%clk 0:33:27]} 0-1